[Event "Pescia op-A 5th"]
[Site "Pescia"]
[Date "2013.10.12"]
[Round "3"]
[White "Bettazzi, Alessandro"]
[Black "Cocina, Gianni"]
[Result "1/2-1/2"]
[WhiteElo "1965"]
[BlackElo "1703"]
[PlyCount "105"]
[EventDate "2013.10.11"]
[EventType "swiss"]
[EventRounds "5"]
[EventCountry "ITA"]
[SourceTitle "EXT 2015"]
[Source "ChessBase"]
[SourceDate "2014.11.20"]
[SourceVersion "1"]
[SourceVersionDate "2014.11.20"]
[SourceQuality "1"]

1. e4 e5 2. Nf3 Nc6 3. Bc4 Bc5 4. b4 Bxb4 5. c3 Be7 6. d4 Na5 7. Nxe5 Nxc4 8. Nxc4 d5 9. exd5 Qxd5 10. Ne3 Qg5 11. Nd2 Qg6 12. Qf3 c6 13. 0-0 Nh6 14. Ndc4 0-0 15. Ne5 Qf6 16. Re1 Qxf3 17. Nxf3 Re8 18. Nc4 Be6 19. Na5 Bc8 20. Bxh6 gxh6 21. Rab1 Kf8 22. Nxb7 Rb8 23. Na5 Rxb1 24. Rxb1 c5 25. Nc6 cxd4 26. cxd4 Be6 27. a4 Bd7 28. Nfe5 Bxc6 29. Nxc6 Bf6 30. Rd1 Re2 31. d5 Ke8 32. a5 Kd7 33. Kf1 Ra2 34. Nxa7 Rxa5 35. Nc6 Rc5 36. Ke2 Kd6 37. Kf3 Rxd5 38. Rxd5+ Kxd5 39. Nb4+ Ke5 40. Kg4 Bg7 41. Nd3+ Ke4 42. Ne1 Ke5 43. Kh5 Kf5 44. Nf3 Kf4 45. Nh4 Ke5 46. g4 Kf4 47. h3 Bf8 48. Nf5 Kf3 49. Nxh6 f6 50. Ng8 Bg7 51. h4 Kxf2 52. Nxf6 Bxf6 53. Kh6 1/2-1/2

[Event "Pescia op-A 4th"]
[Site "Pescia"]
[Date "2011.09.17"]
[Round "2"]
[White "Cocina, Gianni"]
[Black "Mangili, Davide"]
[Result "1/2-1/2"]
[WhiteElo "1733"]
[BlackElo "1843"]
[PlyCount "59"]
[EventDate "2011.09.16"]
[EventType "swiss"]
[EventRounds "5"]
[EventCountry "ITA"]
[SourceTitle "EXT 2015"]
[Source "ChessBase"]
[SourceDate "2014.11.20"]
[SourceVersion "1"]
[SourceVersionDate "2014.11.20"]
[SourceQuality "1"]

1. e4 d6 2. Bc4 Nf6 3. d3 c6 4. Bg5 Nbd7 5. Nf3 a5 6. a4 Qb6 7. Bb3 Nc5 8. Nbd2 Bg4 9. Nc4 Qc7 10. Ba2 Nxa4 11. Rb1 e5 12. Ne3 Bh5 13. Nf5 Nc5 14. Ng3 Bg6 15. Nh4 Ne6 16. Bxf6 gxf6 17. 0-0 Be7 18. Nhf5 0-0-0 19. Qd2 b6 20. Nxe7+ Qxe7 21. b4 a4 22. Qc3 Kb7 23. b5 c5 24. Bd5+ Kb8 25. Qa3 Qa7 26. Ra1 Nd4 27. Qxa4 Qxa4 28. Rxa4 Nxc2 29. Ra8+ Kc7 30. Ra7+ 1/2-1/2

[Event "Pescia op-A 4th"]
[Site "Pescia"]
[Date "2011.09.16"]
[Round "1"]
[White "Del Giudice, Stefano"]
[Black "Cocina, Gianni"]
[Result "1-0"]
[WhiteElo "1916"]
[BlackElo "1733"]
[PlyCount "43"]
[EventDate "2011.09.16"]
[EventType "swiss"]
[EventRounds "5"]
[EventCountry "ITA"]
[SourceTitle "EXT 2015"]
[Source "ChessBase"]
[SourceDate "2014.11.20"]
[SourceVersion "1"]
[SourceVersionDate "2014.11.20"]
[SourceQuality "1"]

1. Nf3 Nf6 2. c4 d6 3. g3 g6 4. Bg2 Bg7 5. Nc3 0-0 6. 0-0 c6 7. d3 Be6 8. Bd2 Nbd7 9. Ng5 Qc7 10. Nxe6 fxe6 11. b4 d5 12. Qb3 dxc4 13. Qxc4 Nd5 14. Bxd5 exd5 15. Nxd5 Ne5 16. Nxc7+ Nxc4 17. dxc4 Rad8 18. Rad1 Kf7 19. Be3 Be5 20. Bf4 Bxf4 21. gxf4 Kg8 22. Ne6 1-0